000 01057nam a2200181Ia 4500
008 100920s9999 xx 000 0 und d
082 _b63807
_a61 थ 58
100 _a---
245 _aमुंबई राज्याच्या पंचवार्षिक योजनेचे फायदे शेती आणि पशु संवर्धन.
260 _bमुंबई सरकारच्या प्रसिध्दी खात्याकडून प्रकाशित.
_c1958
300 _a24
_bसाधी
365 _b0.06
520 _aस्थानिक वाचन.
630 _aमुंबई राज्याच्या पंचवार्षिक योजनेचे फायदे शेती आणि पशु संवर्धन.
650 _aस्थानिक वाचन.
730 _aमुंबई राज्याच्या पंचवार्षिक योजनेचे फायदे शेती आणि पशु संवर्धन.
942 _cBOOK
999 _c706886
_d706883